El trabajo con calidad en micro y pequeñas unidades productivas populares
Պահպանված է:
| Հիմնական հեղինակներ: | , |
|---|---|
| Ձևաչափ: | Գիրք |
| Լեզու: | իսպաներեն |
| Հրապարակվել է: |
Santiago
Programa de Economía del Trabajo
1994
|
| Շարք: | Manual de Educación Popular, 17
|
| Խորագրեր: | |
| Ցուցիչներ: |
Ավելացրեք ցուցիչ
Չկան պիտակներ, Եղեք առաջինը, ով նշում է այս գրառումը!
|
MARC
| LEADER | 00000nam a2200000 a 4500 | ||
|---|---|---|---|
| 001 | UCY2807 | ||
| 003 | CL-VaPUC | ||
| 008 | 941121e19940000CL |||||||||||||||||spa|d | ||
| 082 | 0 | 4 | |a 331.114 |b QUI |2 21 |
| 100 | 0 | |a Quiñones E., Luis |e author |9 330948 | |
| 700 | 0 | |a Pino C., Jaime del |e author |9 330949 | |
| 245 | 1 | 3 | |a El trabajo con calidad en micro y pequeñas unidades productivas populares |
| 300 | |a 93 p | ||
| 942 | |c BK | ||
| 945 | |d 19941121 00:00:00 |a rbrito | ||
| 260 | |a Santiago |b Programa de Economía del Trabajo |c 1994 | ||
| 650 | 7 | |a CALIDAD DE LOS PRODUCTOS |2 CL-VaPUC |9 259810 | |
| 650 | 0 | |a Control de calidad |9 259714 | |
| 650 | 0 | |a Calidad total |9 259929 | |
| 583 | |a last modification |c 19941121 00:00:00 |k Rodrigo Vera | ||
| 490 | 0 | |a Manual de Educación Popular, 17 | |
| 999 | |c 231125 |d 231123 | ||
| 952 | |0 0 |1 0 |4 0 |6 331_114000000000000_QUI_1994 |7 0 |8 A |9 233962 |a BIBENE |b BIBENE |d 2019-11-15 |i 3033155 |o 331.114 QUI 1994 |p 3033155 |r 2025-01-15 |w 2019-11-15 |y BK |k ICO | ||